Retrieving the past : essays on archaeological research and methodology in honor of Gus W. Van Beek /

Saved in:

Other Authors: Seger, Joe D., Van Beek, Gus W., 1922-

Format: Book

Language: English

Published: Winona Lake, Indiana : Eisenbrauns, c1996.

Subjects:

Tags: Add Tag

No Tags, Be the first to tag this record!

Call Number: DS56 .R48 1996

LEADER 03060pam a2200301 i 4500
003 OSt
005 20260311120823.0
008 951101s1996 iduab b 000 0 eng
020 |a 1575060124 (alk. paper) 
020 |a 9781575060125 
040 |c ARCE Library 
043 |a aw-----  |a a-pk--- 
050 4 |a DS56 .R48 1996 
245 0 0 |a Retrieving the past :  |b essays on archaeological research and methodology in honor of Gus W. Van Beek /  |c edited by Joe D. Seger. 
264 1 |a Winona Lake, Indiana :  |b Eisenbrauns,  |c c1996. 
300 |a xxxi, 312 pages :  |b illustrations, maps ;  |c 29 cm. 
504 |a Includes bibliographical references. 
505 0 |a Context as text / Joe D. Seger. -- A biography of Gus W. Van Beek / Ora Van Beek. -- Bibliography of Gus W. Van Beek, 1959-1994. -- The letters of Gus W. Van Beek and Joseph A. Callaway: reflections of friendship and mutual influence / Gerald L. Mattingly. -- From clay to stone? Cooking bowls of South Arabia / Jeffrey A. Blakely. -- and William D. Glanzman. -- A penetrating look: an experiment in remote sensing at Tell Halif / Oded Borowski and James Doolittle. -- The Tell: microcosm of the cultural process / William G. Dever. -- The Nabatean synthesis of Avraham Negev: a critical appraisal / Jack D. Elliott, Jr. -- Early Bronze III Canaanean blade/scraper cores from Tell Halif, Israel / Eugene M. Futato. -- Formulating a ceramic corpus: the late Iron II, Persian, and Hellenistic pottery at Tell Gezer / Seymour Gitin. -- The Hajar ar-Rayhani Fauna: a first look at Yemen's Iron Age pastoral economy / Brian Hesse. -- A cosmetic palette from Early Bronze III at Tell Halif / Paul F. Jacobs. -- Pottery kilns from Deir el-Balah and Tel Miqne-Ekron / Ann Killebrew. Anthropological approaches to protohistoric Palestine: a case study from the Negev Desert / Thomas E. Levy. -- Total retrieval and ceramic analysis: a case study from the Levant / Bonnie Magness-Gardiner. -- Hurvat Shilhah: an Iron Age site in the Judean desert / Amihai Mazar, David Amit, and Zvi Ilan. -- Further reflections on late second millennium settlement in north west Arabia / Peter J. Parr. -- The neolithic devolution: ecological impact and cultural compensation at 'Ain Ghazal, Jordan / Gary O. Rollefson. -- Pots as containers / R. Thomas Schaub. -- The point one principle: a case study from the Halif Terrace / Joe D. Seger. -- Some notes on the settlement and demography of Palestine in the Byzantine period: the archaeological evidence / Yoram Tsafrir. -- Is ṣenī ana l m̄āni an accurate description or a royal boast? / Paula Wapnish. -- The role of pigs in Near Eastern subsistence: a view from the Southern Levant / Melinda A> Zeder. 
650 0 |a Excavations (Archaeology)  |z Middle East. 
650 0 |a Excavations (Archaeology)  |z Palestine. 
650 0 |a Archaeology  |x Methodology. 
651 0 |a Middle East  |x Antiquities. 
651 0 |a Palestine  |x Antiquities. 
700 1 |a Seger, Joe D. 
700 1 |a Van Beek, Gus W.,   |q (Gus Willard),  |d 1922- 
901 |a reviewed 
942 |2 lcc  |c BK 
999 |c 55214  |d 55214